[Event "Famalicao op 3rd"]
[Site "Famalicao"]
[Date "2015.08.07"]
[Round "7"]
[White "Silva, Pedro Gil Ferreira"]
[Black "Ferreira, Pedro"]
[Result "0-1"]
[WhiteElo "1189"]
[BlackElo "1548"]
[PlyCount "110"]
[EventDate "2015.08.02"]
[EventType "swiss"]
[EventRounds "7"]
[EventCountry "POR"]
[SourceTitle "CBM 167 Extra"]
[Source "ChessBase"]
[SourceDate "2015.09.14"]
[SourceVersion "1"]
[SourceVersionDate "2015.09.14"]
[SourceQuality "1"]

1. e4 d5 2. exd5 Qxd5 3. Nc3 Qa5 4. d4 c6 5. Nf3 Nf6 6. Bc4 Bg4 7. h3 Bh5 8. g4 Bg6 9. Bd2 Qc7 10. Ne5 e6 11. Qe2 Bd6 12. Nxg6 hxg6 13. 0-0-0 0-0 14. Ne4 Nxe4 15. Qxe4 Nd7 16. g5 Nb6 17. Bb3 Rfe8 18. Qd3 Bf4 19. Kb1 Rad8 20. Bxf4 Qxf4 21. Qe3 Qxe3 22. fxe3 Nd5 23. Rhe1 Nb6 24. c4 Kf8 25. c5 Nc8 26. Kc2 Ke7 27. Bc4 Rh8 28. Rh1 Rh5 29. h4 Rdh8 30. b4 a6 31. a4 Rxh4 32. Rxh4 Rxh4 33. b5 axb5 34. axb5 Rh2+ 35. Kc3 Rg2 36. Ra1 cxb5 37. Bxb5 Rxg5 38. Kc4 Rh5 39. e4 Rh4 40. e5 f5 41. exf6+ gxf6 42. c6 bxc6 43. Bxc6 e5 44. Re1 Rxd4+ 45. Kc5 Rd2 46. Be4 Kf7 47. Bd5+ Ke7 48. Be4 f5 49. Bb7 e4 50. Bxc8 Rc2+ 51. Kd5 Rxc8 52. Rg1 Kf6 53. Kd4 Rd8+ 54. Ke3 Rd3+ 55. Kf2 g5 0-1